Znalostný manažment ako inovatívny nástroj riadenia v komunálnej politike

Analýza procesu znalostného manažmentu v podmienkach realizácie komunálnej politiky. Výsledky prieskumu, ktoré poukazujú na skutočnosť, že znalostný manažment sa v skúmaných samosprávach a ich úradoch nachádza vo svojom počiatočnom štádiu so záujmom o technologickú infraštruktúru.

Salvato in:
Dettagli Bibliografici
Autore principale: Jankelová, Nadežda, 1966-
Altri autori: Čajková, Andrea, Masár, Dušan
Natura: Capitolo di libro
Lingua:slovacco
Soggetti:
Tags: Aggiungi Tag
Nessun Tag, puoi essere il primo ad aggiungerne!!

MARC

LEADER 00000naa a2200000 4500
001 0252971
005 20240502083722.7
041 0 |a slo 
044 |a CZ 
245 1 0 |a Znalostný manažment ako inovatívny nástroj riadenia v komunálnej politike  |c Nadežda Jankelová, Andrea Čajková, Dušan Masár 
520 |a Analýza procesu znalostného manažmentu v podmienkach realizácie komunálnej politiky. Výsledky prieskumu, ktoré poukazujú na skutočnosť, že znalostný manažment sa v skúmaných samosprávach a ich úradoch nachádza vo svojom počiatočnom štádiu so záujmom o technologickú infraštruktúru. 
610 2 0 |a manažment znalostný 
610 2 0 |a politika komunálna 
610 2 0 |a samospráva 
610 2 0 |a vedomosti 
610 2 0 |a Slovensko 
610 2 0 |a dotazníky 
610 2 0 |a výhody konkurenčné 
610 2 0 |a riadenie ľudských zdrojov 
100 1 |a Jankelová, Nadežda, 1966- 
700 1 |a Čajková, Andrea 
700 1 |a Masár, Dušan